| 000 | 00000nas##2200000za#4500 |
| 001 | 9.509370 |
| 003 | CaOODSP |
| 005 | 20210615082515 |
| 007 | ta |
| 008 | 150406c1991||||xxc|| m #||||f| |0eng|d |
| 022 | |a0706-6473 |
| 040 | |aCaOODSP|beng |
| 041 | |aeng |
| 041 | |afre |
| 043 | |an-cn--- |
| 086 | 1 |aFs97-4 |
| 110 | 1 |aCanada. |bDepartment of Fisheries and Oceans. |
| 245 | 10|aCanadian manuscript report of fisheries and aquatic sciences |
| 260 | |aOttawa - Ontario : |bFisheries and Oceans Canada |
| 310 | |aIrregular |
| 500 | |a"Distribution is restricted to institutions or individuals located in particular regions of Canada... Requests for individual reports will be filled by the issuing establishment listed on the front cover and title page. Out-of-stock reports will be supplied for a fee by commercial agents."--Verso of cover. |
| 520 | 3 |aThis series of reports contains scientific and technical information that contributes to existing knowledge but deals with national or regional problems. They are distributed to institutions and individuals in the relevant areas of Canada. The subject matter reflects the interests and policies of the Department of Fisheries and Oceans. |
| 546 | |a(Résumé en français.) |
| 776 | 0#|tRapport manuscrit canadien des sciences halieutiques et aquatiques |w(CaOODSP)9.500266 |
| 792 | |tRapport manuscrit canadien des sciences halieutiques et aquatiques |efre|w(CaOODSP)9.509371 |